Dónde, por qué, de qué, cómo viven los dominicanos en el extranjero / (Registro nro. 17016)
[ vista simple ]
| 000 -CABECERA | |
|---|---|
| campo de control de longitud fija | 00579nam a2200169 a 4500 |
| 001 - NÚMERO DE CONTROL | |
| campo de control | 000017491 |
| 005 - FECHA Y HORA DE LA ÚLTIMA TRANSACCIÓN | |
| campo de control | 20200929165129.0 |
| 008 - DATOS DE LONGITUD FIJA--INFORMACIÓN GENERAL | |
| campo de control de longitud fija | 100325s1982 dr c 000 0 spa d |
| 040 ## - FUENTE DE LA CATALOGACIÓN | |
| Centro catalogador/agencia de origen | DO-SdBNP |
| Lengua de catalogación | spa |
| Centro/agencia transcriptor | BNPHU |
| 082 ## - NÚMERO DE LA CLASIFICACIÓN DECIMAL DEWEY | |
| Número de clasificación | xxxx |
| Número de documento/Ítem | C221d |
| 049 ## - FONDOS LOCALES (OCLC) | |
| Fondos de biblioteca | BNPD |
| 100 1# - ENTRADA PRINCIPAL--NOMBRE DE PERSONA | |
| Nombre de persona | Canelo, J. de Frank |
| 9 (RLIN) | 38208 |
| 245 10 - MENCIÓN DE TÍTULO | |
| Título | Dónde, por qué, de qué, cómo viven los dominicanos en el extranjero / |
| Mención de responsabilidad, etc. | J. de Frank Canelo. |
| 260 ## - PUBLICACIÓN, DISTRIBUCIÓN, ETC. | |
| Lugar de publicación, distribución, etc. | Santo Domingo : |
| Nombre del editor, distribuidor, etc. | Alfa y Omega, |
| Fecha de publicación, distribución, etc. | 1982. |
| 300 ## - DESCRIPCIÓN FÍSICA | |
| Extensión | 254 p. : |
| Otras características físicas | retrs. ; |
| Dimensiones | 21 cm. |
| 504 ## - NOTA DE BIBLIOGRAFÍA, ETC. | |
| Nota de bibliografía, etc. | Incluye referencias bibliográficas y notas al pie de las páginas |
| Estado de retiro | Estado de pérdida | Restricciones de uso | No para préstamo | Código de colección | Localización permanente | Ubicación/localización actual | Ubicación en estantería | Fecha de adquisición | Número de inventario | Total de préstamos | Signatura topográfica completa | Código de barras | Fecha visto por última vez | Precio válido a partir de | Tipo de ítem Koha | Número de copia |
|---|---|---|---|---|---|---|---|---|---|---|---|---|---|---|---|---|
| Patrimonio Dominicano | Patrimonio Dominicano | Patrimonio Dominicano | En catalogación | 25.03.2010 | LF1 | xxxx C221d | 17491-10 | 25.06.2020 | 25.06.2020 | Libro y Folleto Colección Patrimonio Dominicano | ||||||
| Dominicana de Servicio | Patrimonio Dominicano | Patrimonio Dominicano | En catalogación | 21.06.2013 | LF1 | xxxx C221d | 17491-100 | 25.06.2020 | 25.06.2020 | Libro y Folleto Colección Dominicana de Servicio | e. 4 | |||||
| Dominicana de Servicio | Patrimonio Dominicano | Patrimonio Dominicano | En catalogación | 21.06.2013 | LF1 | xxxx C221d | 17491-110 | 25.06.2020 | 25.06.2020 | Libro y Folleto Colección Dominicana de Servicio | e. 5 | |||||
| Préstamo restrigido | Patrimonio Dominicano | Patrimonio Dominicano | Patrimonio Dominicano | En catalogación | 21.06.2013 | LF1 | xxxx C221d | 17491-80 | 25.06.2020 | 25.06.2020 | Libro y Folleto Colección Patrimonio Dominicano | e. 2 | ||||
| Dominicana de Servicio | Patrimonio Dominicano | Patrimonio Dominicano | En catalogación | 21.06.2013 | LF1 | xxxx C221d | 17491-90 | 25.06.2020 | 25.06.2020 | Libro y Folleto Colección Dominicana de Servicio | e. 3 |
